Ειδική διδακτική : των μαθημάτων των σχολείων μέσης και στοιχειώδους εκπαιδεύσεως

Saved in:
Bibliographic Details
Main Author: Εξαρχόπουλος, Νικόλαος Ι., 1874-1960
Format: Book
Language:Greek
Published: Αθήναι : Σ.Κοντός - Δ.Φυλακτός, 1962
Subjects:
Tags: Add Tag
No Tags, Be the first to tag this record!

MARC

LEADER 00000nam a2200000 i 4500
001 1/22365
008 960712s1962 gre d
035 |a 1987  |c Αγορά  |l 10036541 
035 |a 1996  |b 3  |c Δωρεά 
035 |a 1986  |c Αγορά 
040 |a GR-MY-UA  |b gre  |e aacr 
041 0 |a gre 
082 0 |a 371.3 
100 1 |a Εξαρχόπουλος, Νικόλαος Ι.,   |d 1874-1960. 
245 1 0 |a Ειδική διδακτική :  |b των μαθημάτων των σχολείων μέσης και στοιχειώδους εκπαιδεύσεως /  |c Νικόλαος Ι. Εξαρχόπουλος 
260 |a Αθήναι :   |b Σ.Κοντός - Δ.Φυλακτός,   |c 1962 
300 |a 2 τ. 
650 0 0 |a Elementary school teaching. 
650 0 0 |a High school teaching. 
852 |a INST  |b RHODES  |e 19960712  |h 371.3 ΕΞΑ  |p 005400001580  |q 005400001580  |t BK  |y 0  |z τ.1 
852 |a INST  |b RHODES  |e 19960712  |h 371.3 ΕΞΑ  |p 005400004199  |q 005400004199  |t BK  |y 0  |z τ.2 
852 |a INST  |b RHODES  |e 19960712  |h 371.3 ΕΞΑ  |p 005400004200  |q 005400004200  |t BK  |y 0  |z τ.1 
852 |a INST  |b RHODES  |e 19961126  |h 371.3 ΕΞΑ  |p 005400006963  |q 005400006963  |t BK  |y 0  |z τ.1 
852 |a INST  |b RHODES  |e 19960712  |h 371.3 ΕΞΑ  |p 005400001580  |q 005400001580  |t BK  |v τ.1:  |y 0  |z τ.1 
852 |a INST  |b RHODES  |e 19960712  |h 371.3 ΕΞΑ  |p 005400004199  |q 005400004199  |t BK  |v τ.2:  |y 0  |z τ.2 
852 |a INST  |b RHODES  |e 19960712  |h 371.3 ΕΞΑ  |p 005400004200  |q 005400004200  |t BK  |v τ.1:  |y 0  |z τ.1 
852 |a INST  |b RHODES  |e 19961126  |h 371.3 ΕΞΑ  |p 005400006963  |q 005400006963  |t BK  |v τ.1:  |y 0  |z τ.1 
853 |a INST  |b RHODES  |h 371.3 ΕΞΑ 
909 |a Ρ  |b 003586  |c 1986 
909 |a Ρ  |b 042970  |c 1996 
909 |a Ρ  |b 003587  |c 1986 
909 |a Ρ  |b 006549  |c 1987